01449agaaa2200313 45000010005000000030009000050050017000140070009000310080040000400400023000800410013001031000048001161300010001642400024001742450150001982460017003482500022003652600131003873000034005185080140005525110092006925200092007845380016008765460013008926500056009057000050009617000060010117000064010712461IT-RoPAU20220918181223.0d cvaizq50131s9999||||xx ||| | || ||und|| aIT-RoPAUcIT-RoPAU aITALIANO aDe Niro RobertgCodice regista SPICS: 15950 aBRONX aA BRONX TALEgT2891 aBRONXcProdotto da: Rosenthal Jane -- Sceneggiatura: Palminteri Chazz -- Diretto da: De Niro RobertpBRONX (Rif. Codice opera principale : D2461) aA BRONX TALE aEdizione Standard a(USA)bROSENTHAL JANE - KILIK JOHN - DE NIRO R. / Distribuzione: MEDUSA VIDEOg"1993 (1° ed.: 1995 ; Ed. Lingua Orig.: 1993)" aVHSbsonoro, col.c144 minuti a"Fotografia: Villalobos Reynaldo; Montaggio: Lovett R.Q.; Musica: AA.VV. ; Sceneggiatura: Palminteri Chazz; Scenografia: Thomas Wynn; " a"Brancato Lillo; Capra Francis; De; Niro Robert; Hicks Taral; Narducci Katherine; Palm" aSTORIE DI VITA D'AMORE E D'AMICIZIA. STORIE DI GENTE CHE MERITANO DI ESSERE RACCONTATE. aPAL, STEREO aITALIANO aDRAMMATICOeFILMS [VHS]xCodice MATERIA SPICS: 9960 aAA.VV. e(musica)gCodice Musica SPICS: 12000 aDe Niro Robert e(regista)gCodice regista SPICS: 15950 aPalminteri Chazz e(soggetto)gCodice Soggetto SPICS: 43940